The Interpreter's Bible : (Record no. 30740)
[ view plain ]
| 000 -LEADER | |
|---|---|
| fixed length control field | 01255nam a2200217Ia 4500 |
| 008 - FIXED-LENGTH DATA ELEMENTS--GENERAL INFORMATION | |
| fixed length control field | 081213s9999 xx 000 0 und d |
| 020 ## - INTERNATIONAL STANDARD BOOK NUMBER | |
| International Standard Book Number | 0687192153 |
| 050 ## - LIBRARY OF CONGRESS CALL NUMBER | |
| Classification number | BS491.2 |
| Item number | .I68 1954 |
| 245 ## - TITLE STATEMENT | |
| Title | The Interpreter's Bible : |
| Remainder of title | the holy scriptures in king James and revised standard versions with general articles and introduction, exegesis, exposition for each book of the Bible : in twelve volumes .The Acts of the Apostles and the Epistle to the Romans |
| Statement of responsibility, etc | edite by George Arthur Buttrick ... [et al] |
| 260 ## - PUBLICATION, DISTRIBUTION, ETC. (IMPRINT) | |
| Date of publication, distribution, etc | 1954 |
| Place of publication, distribution, etc | Nasvile |
| Name of publisher, distributor, etc | Abingdon |
| 300 ## - PHYSICAL DESCRIPTION | |
| Extent | ix, 668 p. ; |
| Other physical details | ill. |
| Dimensions | 26 cm. |
| 440 ## - SERIES STATEMENT/ADDED ENTRY--TITLE | |
| Title | The Interpreter's Bible |
| Volume number/sequential designation | vol.9 |
| 650 ## - SUBJECT ADDED ENTRY--TOPICAL TERM | |
| Topical term or geographic name as entry element | Bible -- Commentaries |
| 700 ## - ADDED ENTRY--PERSONAL NAME | |
| Personal name | Bowie, Walter Russel |
| Titles and other words associated with a name | ed. |
| 700 ## - ADDED ENTRY--PERSONAL NAME | |
| Personal name | Scherer, Paul |
| Titles and other words associated with a name | ed. |
| 700 ## - ADDED ENTRY--PERSONAL NAME | |
| Personal name | Knox, John |
| Titles and other words associated with a name | ed. |
| 942 ## - ADDED ENTRY ELEMENTS (KOHA) | |
| Item type | Book |
| Source of classification or shelving scheme | Library of Congress Classification |
| Withdrawn status | Lost status | Source of classification or shelving scheme | Damaged status | Not for loan | Collection code | Home library | Current library | Shelving location | Date acquired | Total Checkouts | Full call number | Barcode | Date last borrowed | Copy number | Price effective from | Koha item type |
|---|---|---|---|---|---|---|---|---|---|---|---|---|---|---|---|---|
| Library of Congress Classification | Non-fiction | Bishop Okullu Memorial Library (Limuru Campus) | Bishop Okullu Memorial Library (Limuru Campus) | General Circulation | 21/07/2009 | 6 | BS491.2 .I68 1954 | 009859 | 12/02/2015 | 2 | 21/07/2009 | Book | ||||
| Library of Congress Classification | Non-fiction | Nakuru Campus | Nakuru Campus | General Circulation | 21/07/2009 | 3 | BS491.2 .I68 1954 | 009860 | 16/12/2014 | 3 | 21/07/2009 | Book |